01966nam a2200397 a 4500001001200000003000800012006001900020007001500039008004100054010001700095020003100112020002700143040002100170035002100191043002100212050002400233082001500257100001900272245006400291260004000355300001600395504005100411505045900462533015200921650003401073650003101107650003301138651005201171651005001223651005301273651005301326655002901379710001701408856012601425999001701551ebr10392459CaPaEBRm u cr cn|||||||||100413s2010 ilu sb 001 0 eng  z 2010015891 z9781931859967 (alk. paper) z9781608460083 (e-book) aCaPaEBRcCaPaEBR a(OCoLC)649910515 acl-----an-us---14aJZ1480b.C47 2010eb04a327.732221 aChomsky, Noam.10aHopes and prospectsh[electronic resource] /cNoam Chomsky. aChicago :bHaymarket Books,cc2010. avii, 327 p. aIncludes bibliographical references and index.0 aPart 1 : Latin America -- Year 514 : globalization for whom? -- Latin America and U.S. foreign policy -- Democracy and development : their enemies, their hopes -- Latin American and Caribbean unity -- Part II : North America -- "Good news" Iraq and beyond -- Free elections, good news and bad -- Century's challenges -- Turning point? -- Elections 2008 : hope confronts the real world -- Obama on Israel-Palestine -- The torture memos -- 1989 and beyond. aElectronic reproduction.bPalo Alto, Calif. :cebrary,d2010.nAvailable via World Wide Web.nAccess may be limited to ebrary affiliated libraries. 0aWorld politicsy21st century. 0aLatin American federation. 0aArab-Israeli conflicty1993- 0aUnited StatesxForeign relationsy21st century. 0aUnited StatesxPolitics and governmenty2009- 0aUnited StatesxForeign relationszLatin America. 0aLatin AmericaxForeign relationszUnited States. 7aElectronic books.2local2 aebrary, Inc.40uhttp://site.ebrary.com/lib/rucke/Doc?id=10392459zAn electronic book accessible through the World Wide Web; click to view c90369d90369